000 00701nam a22002057a 4500
003 0
005 20250414100436.0
008 250412b xxu||||| |||| 00| 0 eng d
020 _a978-3-031-44535-4
050 _aHG 4515
_b.M37 2023
100 _aMartindale, Will
245 _aResponsible investment
_ban insider's account of what's working, what's not and where next
_cWill Martindale
260 _aLondon, UK
_bSpringer Nature
_c2023
300 _axi, 269 pages;
_c23cm.
504 _aIncludes glossary and indexes.
650 _aInvestments—Moral and ethical aspects.
650 _aFinance—Moral and ethical aspects.
650 _aSustainable development—Finance.
942 _2lcc
_cBK
999 _c367383
_d367383